Temas de derecho penal y procesal penal (Registro nro. 8988)

Detalles MARC
000 -LEADER
fixed length control field 00865nas a2200241 454500
001 - CONTROL NUMBER
control field 60798
005 - DATE AND TIME OF LATEST TRANSACTION
control field 20260407193512.0
008 - FIXED-LENGTH DATA ELEMENTS--GENERAL INFORMATION
fixed length control field 260407s2023####ag###########|||spa#d
003 - CONTROL NUMBER IDENTIFIER
control field AR-UNSa-BCEJYS
040 ## - CATALOGING SOURCE
Original cataloging agency AR-UNSa-BCEJYS
Language of cataloging spa
Transcribing agency AR-UNSa-BCEJYS
080 ## - UNIVERSAL DECIMAL CLASSIFICATION NUMBER
Universal Decimal Classification number 343.13
Common auxiliary subdivision Procedimiento penal. Derecho procesal penal
041 ## - LANGUAGE CODE
Language code of text/sound track or separate title spa
100 1# - MAIN ENTRY--PERSONAL NAME
Personal name Borinsky, Mariano H.
245 10 - TITLE STATEMENT
Title Temas de derecho penal y procesal penal
264 #1 - PRODUCTION, PUBLICATION, DISTRIBUTION, MANUFACTURE, AND COPYRIGHT NOTICE
Place of production, publication, distribution, manufacture Buenos Aires :
Name of producer, publisher, distributor, manufacturer Errepar
Date of production, publication, distribution, manufacture, or copyright notice 2023
310 ## - CURRENT PUBLICATION FREQUENCY
Current publication frequency Frecuencia: Mensual<br/>A partir del ejemplar del mes de Feb./Mar. del 2024, cambia su periodicidad a Bimestral
590 ## - LOCAL NOTE (RLIN)
Local note niveau_biblio:s niveau_hierar:1
650 ## - SUBJECT ADDED ENTRY--TOPICAL TERM
Topical term or geographic name entry element Derecho penal
650 ## - SUBJECT ADDED ENTRY--TOPICAL TERM
Topical term or geographic name entry element Derecho Procesal
700 1# - ADDED ENTRY--PERSONAL NAME
Personal name Schurjin Almenar, Daniel
856 41 - ELECTRONIC LOCATION AND ACCESS
Uniform Resource Identifier <a href="https://www.biblioeco.unsa.edu.ar/pmb/images/revistas/R23332.jpg">https://www.biblioeco.unsa.edu.ar/pmb/images/revistas/R23332.jpg</a>
Link text Imagen de portada
Electronic format type image/jpeg
942 ## - ADDED ENTRY ELEMENTS (KOHA)
Koha item type
Existencias
Withdrawn status Lost status Damaged status Not for loan Home library Current library Shelving location Date acquired Serial enumeration / chronology Total checkouts Full call number Barcode Date last seen Price effective from Koha item type Public note
        Biblioteca Prof. Eusebio Cleto del Rey Biblioteca Prof. Eusebio Cleto del Rey   18/06/2024 Año 6, N° 6/7 - jun./jul. 2024   H343.13 TPP 6/7.2024 R10353 10/04/2026 10/04/2026 Numero  
        Biblioteca Prof. Eusebio Cleto del Rey Biblioteca Prof. Eusebio Cleto del Rey   18/06/2024 Año 6, N° 4/5 - abr./mayo 2024   H343.13 TPP 4/5.2024 R23332 10/04/2026 10/04/2026 Numero PAGINA 158 ESCRITA CON LAPICERA